000 00414nam a2200181Ia 4500
001 2883
005 20260306144840.0
008 260306t2005||||xx |||||||||||||| ||spa||
041 _aESP
082 _a231.044
_bR27
100 _aRatzinger, Joseph
_eAUT
245 0 _aEl Dios de los cristianos:
_bmeditaciones
260 _c2005
300 _a
_c
650 _aGEN
654 _aCHU
942 _cLIB
_dJUS
_fJUS
_2ddc
_n
999 _c2883
_d2883